پروفسور نثار احمد فاروقی ; (Record no. 106745)
[ view plain ]
| 000 -LEADER | |
|---|---|
| fixed length control field | 00931nam a22002537a 4500 |
| 005 - DATE AND TIME OF LATEST TRANSACTION | |
| control field | 20170123162316.0 |
| 010 ## - LIBRARY OF CONGRESS CONTROL NUMBER | |
| LC control number | A-842107 |
| 020 ## - INTERNATIONAL STANDARD BOOK NUMBER | |
| Terms of availability | 51.00 |
| 035 ## - SYSTEM CONTROL NUMBER | |
| System control number | A-842107 |
| 037 ## - SOURCE OF ACQUISITION | |
| Source of stock number/acquisition | Cen Lib/Ret |
| 040 ## - CATALOGING SOURCE | |
| Original cataloging agency | DPL |
| Language of cataloging | UR |
| 082 ## - DEWEY DECIMAL CLASSIFICATION NUMBER | |
| Classification number | 840.8 |
| Item number | ن ث ا |
| 245 ## - TITLE STATEMENT | |
| Title | پروفسور نثار احمد فاروقی ; |
| Statement of responsibility, etc | مراتب خلیق انجم |
| Remainder of title | شاصیت اور ادبی خدمات / |
| 246 ## - VARYING FORM OF TITLE | |
| Title proper/short title | Professor Nasir Ahmad Faruqi : shasiyat aur adabi khidmaat / |
| Remainder of title | editde by Khaleeq Anjum |
| 260 ## - PUBLICATION, DISTRIBUTION, ETC. (IMPRINT) | |
| Place of publication, distribution, etc | نیی دہلی |
| Name of publisher, distributor, etc | مقتبہ جامہ لمیٹڈ |
| Date of publication, distribution, etc | 1993 |
| 270 ## - ADDRESS | |
| City | نیی دہلی |
| Address | جامہ نگر |
| Postal code | 110025 |
| 300 ## - PHYSICAL DESCRIPTION | |
| Extent | 104p. |
| Dimensions | 21cm(Hb) |
| 650 ## - SUBJECT ADDED ENTRY--TOPICAL TERM | |
| Topical term or geographic name as entry element | اردو ادب |
| Form subdivision | |
| 9 (RLIN) | 114651 |
| 650 ## - SUBJECT ADDED ENTRY--TOPICAL TERM | |
| Topical term or geographic name as entry element | اردو سوانح عمری |
| 9 (RLIN) | 114652 |
| 650 ## - SUBJECT ADDED ENTRY--TOPICAL TERM | |
| Topical term or geographic name as entry element | Urdu literature |
| 9 (RLIN) | 114653 |
| 650 ## - SUBJECT ADDED ENTRY--TOPICAL TERM | |
| Topical term or geographic name as entry element | Urdu boigraphy |
| 9 (RLIN) | 110954 |
| 700 ## - ADDED ENTRY--PERSONAL NAME | |
| Personal name | خلیق انجم |
| 9 (RLIN) | 114654 |
| 942 ## - ADDED ENTRY ELEMENTS (KOHA) | |
| Source of classification or shelving scheme | Dewey Decimal Classification |
| Koha item type | Urdu Bks |
| Classification part | 840.8 |
| Call number suffix | ن ث ا |
| Withdrawn status | Lost status | Damaged status | Not for loan | Home library | Current library | Date acquired | Source of acquisition | Cost, normal purchase price | Total Checkouts | Full call number | Barcode | Date last seen | Copy number | Cost, replacement price | Price effective from | Koha item type |
|---|---|---|---|---|---|---|---|---|---|---|---|---|---|---|---|---|
| Central Library | Central Library | 29/12/2015 | Cen Lib/Ret | 51.00 | 840.8 ن ث ا | A-842107 | 29/12/2015 | 1 | 51.00 | 29/12/2015 | Urdu Bks |
